| 000 | 00704nam a22002177a 4500 | ||
|---|---|---|---|
| 005 | 20241004110238.0 | ||
| 008 | 240911b ||||| |||| 00| 0 eng d | ||
| 020 | _a9786214091867 | ||
| 082 | _aDFil 155.2 F851 2022 | ||
| 100 |
_aFrando, Milagros F. _98433 |
||
| 245 |
_aUnderstanding the self / _cMilagros F. Frando and Lalaine A. Isip. |
||
| 250 | _aSecond edition. | ||
| 260 |
_aMandaluyong City : _bBooks atbp. Publishing Corp., _c©2022. |
||
| 300 |
_ax, 258 pages : _billustrations ; _c22 cm. |
||
| 500 | _aIncludes bibliography. | ||
| 650 | 0 |
_aSelf. _952417 |
|
| 650 | 0 |
_aPsychology. _91184 |
|
| 650 | 0 |
_aPersonality. _92061 |
|
| 700 |
_aIsip, Lalaine A. _eauthor. _960607 |
||
| 942 |
_2ddc _cDFIL |
||
| 999 |
_c21466 _d21466 |
||